000 00281nam a2200097Ia 4500
082 _a747.797 BEST
245 0 _aBest signature kitchens
100 _a Creative Homeowner Press Upper Saddle River, NJ, 2009
_970510
942 _cBK
008 210817s9999 xx 000 0 und d
999 _c255842
_d255841